Inter-american conference on democracy in the americas: women and the decision-making process /
Guardado en:
| Autor Principal: | |
|---|---|
| Formato: | Libro |
| Publicado: |
Washington :
Oea,
1994
|
| Materias: | |
| Etiquetas: |
Agregar Etiqueta
Sin Etiquetas, Sea el primero en etiquetar este registro!
|
| LEADER | 00662nam a22001695a 4500 | ||
|---|---|---|---|
| 001 | EHU.bham024385 | ||
| 003 | AR-BHAM | ||
| 005 | 20130507143456.0 | ||
| 008 | 130507s1994##################000#0#####d | ||
| 082 | 3 | 9 | |a 396.082 |
| 100 | 1 | |a Inter-american Comission Of Women | |
| 245 | 1 | 0 | |a Inter-american conference on democracy in the americas: women and the decision-making process / |c Nter-american Comission Of Women |
| 260 | |a Washington : |b Oea, |c 1994 | ||
| 300 | |a 330 p.Realizada en Buenos Aires, Argentina, del 24 al 28 de agosto de 1992.- | ||
| 653 | |a Mujer-politica | ||
| 653 | |a America latina-sociologia | ||
| 859 | |a AR-BHAM |b BIB. HUMANIDADES - General |h 396.082 |i IN8 |p 187.02 |t Ej.1 | ||
